000 00781nam a2200241 i 4500
001 9948
003 ES-MaACL
005 20230906145806.0
008 940531s1993 sp ||||1| spa d
020 _a84-253-2632-X
080 _a929 Baudelaire, Charles
080 _a84-6"18"
100 1 _aBaudelaire, Charles.
_926513
245 1 0 _aCartas a la madre (1833-1866) /
_cCharles Baudelaire ; traducción, introducción y notas de Roberto Mansberger.
260 _aBarcelona :
_bGrijalbo,
_c[1993]
300 _a376 p. ;
_c20 cm.
490 1 _aEl espejo de tinta
600 1 4 _aBaudelaire, Charles-
_xCorrespondencia.
_926514
700 1 _aMansberger Amorós, Roberto.
_976111
830 1 _aEl espejo de tinta
_9177789
852 _aES-MaACL
_jL-17432
999 _c9948
_d9948